000 00546nam a2200193Ia 4500
003 OSt
005 20251211121540.0
008 221004b |||||||| |||| 00| 0 eng d
037 _cTB
040 _aCRL
_cCRL
_beng
041 _2eng
_aeng
084 _aT4-9Y5927).2 M5
_qCL
245 0 _aFacilities to scheduled castes and colleges.
260 _aNew Delhi, India:
_bUniversity Grant Commission,
_c1985.
300 _a363p.
_ccm.
650 _aEDUCATION
_9853520
942 _hT99Y5927) M5
_cTB
_2CC
_n0
999 _c990495
_d990495